Cashless Payment of Material Need Allowance: Benefits and Risks

Opis projektu, ktorého cieľom bolo zlepšiť mechanizmus poskytovania existujúcich sociálnych dávok poskytovaných vnútroštátnymi alebo miestnymi orgánmi, ktoré budú, okrem iného poskytované prostredníctvom základných elektronických platobných kariet prepojených s bezplatným alebo lacným bankovým účtom...

Full description

Saved in:
Bibliographic Details
Main Author: Polačková, Zuzana
Format: Book Chapter
Language:Slovak
Subjects:
Tags: Add Tag
No Tags, Be the first to tag this record!

MARC

LEADER 00000naa a2200000 4500
001 0308076
005 20250410085809.7
041 0 |a slo 
044 |a SK 
245 1 0 |a Cashless Payment of Material Need Allowance: Benefits and Risks  |c Zuzana Polačková 
520 |a Opis projektu, ktorého cieľom bolo zlepšiť mechanizmus poskytovania existujúcich sociálnych dávok poskytovaných vnútroštátnymi alebo miestnymi orgánmi, ktoré budú, okrem iného poskytované prostredníctvom základných elektronických platobných kariet prepojených s bezplatným alebo lacným bankovým účtom. Realizácia projektu vychádzala z hypotézy, že bezhotovostná výplata DvHN a jej výplata vo viacerých splátkach (napr. v týždňovej frekvencii), bude mať pozitívny vplyv na zvýšenie finančnej gramotnosti a následne finančnej situácie poberateľov dávky ako aj na zníženie úžery. 
610 2 0 |a podpora štátna 
610 2 0 |a pomoc sociálna 
610 2 0 |a platby bezhotovostné 
610 2 0 |a núdza hmotná 
610 2 0 |a marginalizmus 
610 2 0 |a menšiny národnostné 
610 2 0 |a dávky sociálne 
610 2 0 |a politika sociálna 
610 2 0 |a gramotnosť finančná 
100 1 |a Polačková, Zuzana